An Introduction to Business Accounting for Managers (Record no. 1318)

MARC details
005 - DATE AND TIME OF LATEST TRANSACTION
control field 20250411150155.0
020 ## - INTERNATIONAL STANDARD BOOK NUMBER
International Standard Book Number 0-08-024061-5
082 ## - DEWEY DECIMAL CLASSIFICATION NUMBER
Classification number 657.024 HAR
100 ## - MAIN ENTRY--PERSONAL NAME
Author name HARTLEY, W. C. F.
245 ## - TITLE STATEMENT
Title An Introduction to Business Accounting for Managers
250 ## - EDITION STATEMENT
Edition statement 3rd Ed.
260 ## - PUBLICATION, DISTRIBUTION, ETC.
Place of publication, distribution, etc. New York,
Name of publisher, distributor, etc. Pergamon Press,
Date of publication, distribution, etc. 1980.
300 ## - PHYSICAL DESCRIPTION
Extent xiv, 221p.: ill.; table.
Other physical details Index.
Dimensions 22cm.
942 ## - ADDED ENTRY ELEMENTS (KOHA)
Source of classification or shelving scheme Dewey Decimal Classification
Koha item type Books
Holdings
Date last seen Total checkouts Full call number Barcode Cost, replacement price Price effective from Koha item type Lost status Source of classification or shelving scheme Damaged status Not for loan Withdrawn status Home library Current library Shelving location Date acquired Cost, normal purchase price
04/11/2025   657.024 HAR 0000005065 30000.00 04/11/2025 Books   Dewey Decimal Classification       College of Business Education Main Library College of Business Education Main Library General Collection 04/11/2025 10000.00
04/11/2025   657.024 HAR 0000005066 30000.00 04/11/2025 Books   Dewey Decimal Classification       College of Business Education Main Library College of Business Education Main Library General Collection 04/11/2025 10000.00